Normal view
MARC view
- الاطفال - احوال اجتماعية
Entry Topical Term
001 - CONTROL NUMBER
- control field: 27366
003 - CONTROL NUMBER IDENTIFIER
- control field: JO-AjAnu
005 - DATE AND TIME OF LATEST TRANSACTION
- control field: 20230606074641.0
008 - FIXED-LENGTH DATA ELEMENTS
- fixed length control field: 230606|| aca||aabn | a|a d
040 ## - CATALOGING SOURCE
- Original cataloging agency: JO-AjAnu
- Transcribing agency: JO-AjAnu
150 ## - HEADING--TOPICAL TERM
- Topical term or geographic name entry element: الاطفال - احوال اجتماعية
670 ## - SOURCE DATA FOUND
- Source citation: Work cat.: (JO-AjAnu)14054: تأليف: شيفر، شارلز / م.مشارك: هوارد ميلمان ؛ ترجمة: نسيمة داود، نزية حمدي, author 27365, مشكلات الاطفال والمراهقين واساليب المساعدة فيها = How to help children with common problems